| 000 | 00544nam a22001817a 4500 | ||
|---|---|---|---|
| 999 |
_c62576 _d62576 |
||
| 005 | 20241209174119.0 | ||
| 008 | 241209s2022 enk||||| |||| 00| 0 eng d | ||
| 020 | _a9780241529713x | ||
| 041 | _aeng | ||
| 080 | _a616.5 : 159.9 S-68 | ||
| 100 |
_aSmith, Julie _923934 |
||
| 245 |
_aWhy Has Nobody Told Me This Before? / _cJulie Smith. |
||
| 264 |
_aMilton Keynes : _bMichael Joseph, _c2022. |
||
| 300 |
_a422 p. ; _b22 cm. |
||
| 653 | _aფსიქოლოგია | ||
| 653 | _aპათოლოგია | ||
| 942 |
_2udc _cᲬᲘᲒᲜᲘ |
||